000 00662nam a2200229Ia 4500
003 OSt
005 20220923223517.0
006 a|||||r|||| 00| 0
007 ta
008 Pun
024 _a218,374
037 _cTextual
040 _aARTS
_cARTS
_bPun
041 _2Pun
_aPun
082 _aO153xN9, N4
100 _aਹਰਿਭਜਨ ਸਿੰਘ
245 0 _aਪਿਛਲੇ ਦਹਾਕੇ ਦੀ ਪੰਜਾਬੀ ਵਾਰਤਕ
260 _aਦਿੱਲੀ
_b ਪੰਜਾਬੀ ਅਕਾਦਮੀ
_c1994
300 _a235ਪੰ
_ccm.
942 _hO153xN9, N4
_cTEXL
_2CC
999 _c365835
_d365835